Online
Catalog

De literatura dominicana siglo veinte / (Record no. 20402)

MARC details
000 -CABECERA
campo de control de longitud fija 02220nam a2200361 i 4500
001 - NÚMERO DE CONTROL
campo de control 000020899
003 - IDENTIFICADOR DEL NÚMERO DE CONTROL
campo de control DO-SdBNP
005 - FECHA Y HORA DE LA ÚLTIMA TRANSACCIÓN
campo de control 20251120073732.0
007 - CAMPO FIJO DE DESCRIPCIÓN FÍSICA--INFORMACIÓN GENERAL
campo de control de longitud fija ta
008 - DATOS DE LONGITUD FIJA--INFORMACIÓN GENERAL
campo de control de longitud fija 091013s1973 dr 001 0 spa d
040 ## - FUENTE DE LA CATALOGACIÓN
Centro catalogador/agencia de origen DO-SdBNP
Lengua de catalogación spa
Centro/agencia transcriptor DO-SdBNP
Normas de descripción rda
041 ## - CÓDIGO DE LENGUA
Código de lengua original spa
082 ## - NÚMERO DE LA CLASIFICACIÓN DECIMAL DEWEY
Número de clasificación RD860.409
Número de documento/Ítem I37d 1973
Número de edición 22
100 1# - ENTRADA PRINCIPAL--NOMBRE DE PERSONA
Nombre de persona Incháustegui Cabral, Héctor,
Fechas asociadas al nombre 1912-1979
Término indicativo de función/relación autor
9 (RLIN) 21024
245 10 - MENCIÓN DE TÍTULO
Título De literatura dominicana siglo veinte /
Mención de responsabilidad, etc. Héctor Inchaustegui Cabral.
250 ## - MENCIÓN DE EDICIÓN
Mención de edición segunda edición
264 ## - PRODUCCIÓN, PUBLICACIÓN, DISTRIBUCIÓN, FABRICACIÓN Y COPYRIGHT
Producción, publicación, distribución, fabricación y copyright Santiago de los Caballeros, República Dominicana :
Nombre del de productor, editor, distribuidor, fabricante UCMM,
Fecha de producción, publicación, distribución, fabricación o copyright 1973.
300 ## - DESCRIPCIÓN FÍSICA
Extensión 413 páginas ;
Dimensiones 21 cm.
336 ## - TIPO DE CONTENIDO
Término de tipo de contenido rdacontent
Código de tipo de contenido texto
Fuente txt
337 ## - TIPO DE MEDIO
Nombre/término del tipo de medio rdamedia
Código del tipo de medio sin mediación
Fuente n
338 ## - TIPO DE SOPORTE
Nombre/término del tipo de soporte rdacarrier
Código del tipo de soporte volumen
Fuente nc
490 1# - MENCIÓN DE SERIE
Mención de serie Contemporáneos
500 ## - NOTA GENERAL
Nota general Incluye índice de nombres.
505 1# - NOTA DE CONTENIDO CON FORMATO
Título Prólogo --
-- Las ciegas esperanzas --
-- El tiempo, la muerte y la poesía --
-- La puerta abierta -- Los árboles y el bosque --
-- La esfinge de sal -
-- El pez rojo --
-- La mancha en el lavado --
-- La araña sobre la tela rota --
-- Cartas a Sergio --
-- Ensayos sobre temas diversos --
-- La angustia de la patria en Deligne --
-- La ciudad como novela --
-- Vida y novela --
-- Poesía y poetas --
-- Café derramado en la camisa --
-- Una carta a Joaquín --
-- La raya en el corazón --
-- Los analfabetismos fundamentales --
-- Rosa, Rosa, dame un gancho --
-- El dominicano en peligro de asfixia moral --
-- Los poetas más allá de las trincheras o la política y la poesía--
-- Novela e indagación social --
-- Los enemigos de la tierra, de Requena --
-- La Mañosa, de Bosch --
-- Over, de Marrero --
Información miscelánea Epílogos --
Título Con perdón, el sexo --
-- Las ediciones --
-- Crónica del Sur --
-- Entre dos antes y un después --
-- El otro lado del cañamazo --
-- Guía de escritores dominicanos mencionados.
-- Índice de nombres.
590 ## - NOTA LOCAL (RLIN)
Nota local Inventariado, 2018 /LP
650 #7 - PUNTO DE ACCESO ADICIONAL DE MATERIA--TÉRMINO DE MATERIA
Término de materia o nombre geográfico como elemento de entrada Literatura dominicana
Subdivisión general Historia y crítica
Subdivisión cronológica SIGLO XX
9 (RLIN) 22986
Fuente del encabezamiento o término Lemb
650 #7 - PUNTO DE ACCESO ADICIONAL DE MATERIA--TÉRMINO DE MATERIA
Término de materia o nombre geográfico como elemento de entrada Autores dominicanos
Subdivisión general Historia y crítica
Subdivisión cronológica SIGLO XX
9 (RLIN) 23591
Fuente del encabezamiento o término Lemb
710 2# - PUNTO DE ACCESO ADICIONAL--NOMBRE DE ENTIDAD CORPORATIVA
Nombre de entidad corporativa o nombre de jurisdicción como elemento de entrada Pontificia Universidad Católica Madre y Maestra
9 (RLIN) 843
830 #0 - PUNTO DE ACCESO ADICIONAL DE SERIE-TÍTULO UNIFORME
Título uniforme Contemporáneos
9 (RLIN) 6941
910 ## - DATOS DE OPCIÓN DEL USUARIO (OCLC)
Datos de opción del usuario Validado. Control de calidad BNPHU
942 ## - ELEMENTOS DE PUNTO DE ACCESO ADICIONAL (KOHA)
Fuente del sistema de clasificación o colocación Dewey Decimal Classification
Tipo de ítem Koha Libro
956 ## - LOCALIZACIÓN Y ACCESO ELECTRÓNICOS LOCAL (OCLC)
Nombre del host VMateo
Holdings
Estado de retiro Estado de pérdida Fuente del sistema de clasificación o colocación Restricciones de uso No para préstamo Código de colección Localización permanente Ubicación/localización actual Ubicación en estantería Fecha de adquisición Total de préstamos Signatura topográfica completa Código de barras Fecha visto por última vez Precio válido a partir de Tipo de ítem Koha Nota pública Número de copia Fuente de adquisición
    Dewey Decimal Classification Préstamo en sala   Dominicana de Servicio Biblioteca Nacional Pedro Henríquez Ureña Biblioteca Nacional Pedro Henríquez Ureña En catalogación 10.02.2025   BNPHU DS RD860.409 I37d 1973 2025-0879 10.02.2025 10.02.2025 Libro Pertenecio a la biblioteca de René Rodríguez Soriano e.4 Donado por la Presidencia de la República Dominicana 2023
    Dewey Decimal Classification Préstamo en sala   Dominicana de Servicio Biblioteca Nacional Pedro Henríquez Ureña Dominicana Depósito 10.08.2015   BNPHU DS RD860.409 I37d 1973 20899-30 25.06.2020 25.06.2020 Libro y Folleto Colección Dominicana de Servicio   e. 3  
    Dewey Decimal Classification Excluido de préstamo   Patrimonio Dominicano Biblioteca Nacional Pedro Henríquez Ureña Patrimonio Dominicano Depósito 23.08.2010   BNPHU PD RD860.409 I37d 1973 20899-10 25.06.2020 25.06.2020 Libro y Folleto Colección Patrimonio Dominicano Perteneció a la biblioteca personal de Carlos Larrazabal Blanco. Autografiado por el autor s Carlos Larrazábal Blanco    
    Dewey Decimal Classification Excluido de préstamo   Patrimonio Dominicano Biblioteca Nacional Pedro Henríquez Ureña Patrimonio Dominicano Depósito 28.04.2011   BNPHU PD RD860.409 I37d 1973 20899-20 25.06.2020 25.06.2020 Libro y Folleto Colección Patrimonio Dominicano Perteneció qa la biblioteca personal de Chiqui Vicioso / Fidelio Despradel. e. 2  

Powered by Koha